PvZ Heroes Zombie Legendary - Statistics

General Stats
  • This quiz has been taken 3 times
  • The average score is 9 of 28
Answer Stats
Legendary Cards % Correct
Teleport
100%
Teleportation Zombie
100%
Trickster
100%
Zombot 1000
100%
Interstellar Bounty Hunter
67%
Octo Zombie
67%
Valkyrie
67%
Wannabe Hero
67%
Gargantuar’s Feast
33%
Gargantuar Throwing Gargantuar
33%
Inter-dimensional Zombie
33%
Intergalactic Warlord
33%
Mime Gargantuar
33%
Shieldcrusher Viking
33%
Supernova Gargantuar
33%
Barrel of Deadbeards
0%
Cryo Yeti
0%
Mixed up Gravedigger
0%
Quasar Wizard
0%
Space Cowboy
0%
Stompadon
0%
Tankylosaurus
0%
Zombie King
0%
Zombot Aerostatic Gondola
0%
Zombot Battlecruiser 5000
0%
Zombot Dinotronic Mechasaur
0%
Zombot Plank Walker
0%
Zombot Sharktronic Sub
0%
No matching quizzes found
Score Distribution
Percent of People with Each Score
Percentile by Number Answered
Your Score History
You have not taken this quiz